| 000 | 00389nam a22001457a 4500 | ||
|---|---|---|---|
| 001 | 157711 | ||
| 008 | 240509b |||||||| |||| 00| 0 POR d | ||
| 020 | _a9788575596081 | ||
| 082 | _a028.5 | ||
| 100 | 0 |
_aHooks, Bell _91400 |
|
| 245 |
_aMeu crespo é de rainha/ _cBell Hooks, ilustrações: Chris Raschka |
||
| 260 |
_aSão Paulo: _bBoitatá, _c2018. |
||
| 300 | _a15 p: il | ||
| 942 | _2udc | ||
| 999 |
_c157711 _d157711 |
||